000 00528nam a2200157Ia 4500
008 151213s9999 xx 000 0 und d
100 _aআফম আব্দুর রশিদ।
245 _aপরগাছা।
_cআফম আব্দুর রশিদ।
250 _a২য়সং
260 _aঢাকা
_bগাঙচিল প্রকাশনী।
_c1995
300 _a3797 p.
650 _aBangla
650 _aনাটক।
700 _aআফম আব্দুর রশিদ।
999 _c2503
_d2503